Statistics for Solar system facts

Click here to take the quiz!

General Stats

  • This quiz has been taken 23 times
  • The average score is 9 of 15

Answer Stats

HintAnswer% Correct
Hottest planetVenus
94%
Coldest planetUranus
82%
What planet has the largest volcanoMars
71%
Planet with the most moonsSaturn
71%
Number of Pluto's moons5
65%
Largest object in the asteroid beltCeres
65%
Densest planetEarth
65%
Smallest gas giantNeptune
65%
Largest volcanoOlympus Mons
53%
Largest object in the Kuiper beltPluto
53%
Largest moon in the solar systemGanymede
41%
Most volcanically active bodyIo
41%
Largest moon of UranusTitania
35%
Hi'iaka is a moon of...Haumea
29%
Another name for the gas giantsjovian planets
24%

Score Distribution

Percentile by Number Answered

Percent of People with Each Score

Your Score History

You have not taken this quiz